11111111 - Statistics

General Stats
  • This quiz has been taken 52 times
  • The average score is 84 of 100
Answer Stats
Hint Answer % Correct
1 1
100%
1 11
100%
1 2
95%
1 10
93%
1 3
93%
1 4
93%
1 5
93%
1 6
93%
1 7
93%
1 8
93%
1 12
91%
1 13
91%
1 14
91%
1 15
91%
1 16
91%
1 17
91%
1 18
91%
1 9
91%
1 19
88%
1 20
86%
1 21
86%
1 22
86%
1 23
86%
1 24
86%
1 25
86%
1 26
86%
1 27
86%
1 28
86%
1 29
86%
1 100
84%
1 30
84%
1 88
84%
1 31
81%
1 32
81%
1 33
81%
1 34
81%
1 35
81%
1 36
81%
1 37
81%
1 38
81%
1 39
81%
1 40
81%
1 41
81%
1 42
81%
1 43
81%
1 44
81%
1 45
81%
1 46
81%
1 47
81%
1 48
81%
1 49
81%
1 50
81%
1 51
81%
1 52
81%
1 53
81%
1 54
81%
1 55
81%
1 56
81%
1 57
81%
1 58
81%
1 59
81%
1 60
81%
1 61
81%
1 62
81%
1 63
81%
1 64
81%
1 65
81%
1 66
81%
1 67
81%
1 68
81%
1 69
81%
1 70
81%
1 71
81%
1 72
81%
1 73
81%
1 74
81%
1 75
81%
1 76
81%
1 77
81%
1 78
81%
1 79
81%
1 80
81%
1 81
81%
1 82
81%
1 83
81%
1 84
81%
1 85
81%
1 86
81%
1 87
81%
1 89
81%
1 90
81%
1 91
81%
1 92
81%
1 93
81%
1 94
81%
1 95
81%
1 96
81%
1 97
81%
1 98
81%
1 99
81%
No matching quizzes found
Score Distribution
Percent of People with Each Score
Percentile by Number Answered
Your Score History
You have not taken this quiz